Notification of planning applications (Record no. 109449)
[ view plain ]
| 000 -LEADER | |
|---|---|
| fixed length control field | 01863cad a22002775a 4500 |
| 001 - CONTROL NUMBER | |
| control field | E147105 |
| 008 - FIXED-LENGTH DATA ELEMENTS--GENERAL INFORMATION | |
| fixed length control field | 090401s2009 stk f s000 0 eng d |
| 020 ## - INTERNATIONAL STANDARD BOOK NUMBER | |
| International Standard Book Number | 9780755974771 |
| 022 1# - INTERNATIONAL STANDARD SERIAL NUMBER | |
| International Standard Serial Number | 0141-514X |
| 035 ## - SYSTEM CONTROL NUMBER | |
| System control number | (Sirsi) u147105 |
| 041 0# - LANGUAGE CODE | |
| Language code of text/sound track or separate title | eng |
| 050 04 - LIBRARY OF CONGRESS CALL NUMBER | |
| Classification number | 711.1 $2 18 |
| 110 2# - MAIN ENTRY--CORPORATE NAME | |
| Corporate name or jurisdiction name as entry element | Scotland |
| Subordinate unit | Scottish Government |
| 9 (RLIN) | 5344 |
| 245 04 - TITLE STATEMENT | |
| Title | Notification of planning applications |
| Remainder of title | planning circular 3 2009 |
| Medium | [electronic resource] |
| 260 ## - PUBLICATION, DISTRIBUTION, ETC. | |
| Place of publication, distribution, etc. | Edinburgh |
| Name of publisher, distributor, etc. | Scottish Government |
| Date of publication, distribution, etc. | 2009 |
| 490 #0 - SERIES STATEMENT | |
| Series statement | Planning Circular |
| Volume/sequential designation | (3/2009) |
| 505 2# - FORMATTED CONTENTS NOTE | |
| Formatted contents note | Introduction -- Scottish Minister's role in planning applications -- Changes to the system for notification to Scottish Ministers -- Notification of applications direction -- Category 1: development in which planning authorities have an interest -- Category 2: objection by Government agency -- Category 3: opencast coal and related minerals -- Removal of other standard notification categories -- Other notification directions still in force -- Submission of documents to Scottish Ministers -- Scottish Government handling of notified applications -- Further copies and enquiries -- Annex: notification direction |
| 520 ## - SUMMARY, ETC. | |
| Summary, etc. | Offers guidance on circumstances where planning authorities must, as a matter of course, notify Scottish Ministers where they propose to grant planning permission. Replaces the guidance previously given in SEDD Circular 5/2007 (ISBN 9780755966134), which is hereby withdrawn. |
| 521 ## - TARGET AUDIENCE NOTE | |
| Target audience note | Advanced |
| 590 ## - LOCAL NOTE (RLIN) | |
| Local note | KA |
| 650 24 - SUBJECT ADDED ENTRY--TOPICAL TERM | |
| Topical term or geographic name entry element | TOWN AND COUNTRY PLANNING (NOTIFICATION OF APPLICATIONS) (SCOTLAND) DIRECTION 2009 |
| 651 #4 - SUBJECT ADDED ENTRY--GEOGRAPHIC NAME | |
| Geographic name | Scotland |
| Chronological subdivision | 1999- |
| 690 ## - LOCAL SUBJECT ADDED ENTRY--TOPICAL TERM (OCLC, RLIN) | |
| Topical term or geographic name as entry element | ENVIRONMENTAL AND LAND CONSULTANCY-PLANNING AND DEVELOPMENT-PLANNING GUIDANCE |
| 856 40 - ELECTRONIC LOCATION AND ACCESS | |
| Uniform Resource Identifier | <a href="https://www.scotland.gov.uk/Publications/2009/03/27112705/0">https://www.scotland.gov.uk/Publications/2009/03/27112705/0</a> |
| Public note | View the circular free of charge at www.scotland.gov.uk... |
| 942 ## - ADDED ENTRY ELEMENTS (KOHA) | |
| Suppress in OPAC | 0 |
| Withdrawn status | Lost status | Source of classification or shelving scheme | Damaged status | Not for loan | Home library | Current library | Shelving location | Date acquired | Total Checkouts | Full call number | Barcode | Date last seen | Copy number | Price effective from | Koha item type |
|---|---|---|---|---|---|---|---|---|---|---|---|---|---|---|---|
| Dewey Decimal Classification | Virtual | Virtual | Online | 01/04/2009 | ONLINE PUBLICATION | 147105-2001 | 06/08/2019 | 1 | 06/08/2019 | Book |